[Event "Oviedo op 8th"]
[Site "Oviedo"]
[Date "2022.07.23"]
[Round "9"]
[White "Chakhoyan, Konstantin"]
[Black "Urrutia Gonzalez, Javier"]
[Result "0-1"]
[WhiteElo "1981"]
[BlackElo "2033"]
[PlyCount "116"]
[EventDate "2022.07.17"]
[EventType "swiss"]
[EventRounds "9"]
[EventCountry "ESP"]
[SourceTitle "CBM 209 Extra"]
[Source "ChessBase"]
[SourceDate "2022.09.30"]
[SourceVersion "1"]
[SourceVersionDate "2022.09.30"]
[SourceQuality "1"]

1. d4 d5 2. Nf3 c6 3. g3 Nf6 4. Bg2 Bf5 5. 0-0 e6 6. Nbd2 h6 7. c4 Be7 8. b3 0-0 9. Bb2 Nbd7 10. Ne1 Qa5 11. Nc2 b5 12. c5 Qc7 13. b4 a5 14. a3 Ne4 15. f3 Nxd2 16. Qxd2 Bxc2 17. Qxc2 Ra6 18. Bc3 axb4 19. axb4 Rfa8 20. e4 Rxa1 21. Rxa1 Rxa1+ 22. Bxa1 Qa7 23. Bc3 Qa3 24. exd5 exd5 25. Bh3 Nf8 26. Qd2 Bf6 27. Bf5 g6 28. Bc8 Qa8 29. Bh3 Qa3 30. Kf2 h5 31. Qb2 Qxb2+ 32. Bxb2 Ne6 33. Ke3 Kf8 34. Bxe6 fxe6 35. Kd3 Bg5 36. h4 Bh6 37. Bc3 Kf7 38. g4 Bf4 39. Be1 Kf6 40. Bf2 Bc1 41. Bg3 Ba3 42. Be5+ Kf7 43. Kc3 Bc1 44. Bc7 Be3 45. Kd3 Bf2 46. Bd8 Be1 47. Ke3 Bxb4 48. Kf4 Ba3 49. Ba5 Kf6 50. Bd8+ Kf7 51. Ba5 Bc1+ 52. Ke5 Ke7 53. Bb4 Bh6 54. Bc3 Be3 55. Be1 Bg1 56. gxh5 gxh5 57. Bd2 Bh2+ 58. f4 Bg3 0-1

[Event "Oviedo op 8th"]
[Site "Oviedo"]
[Date "2022.07.21"]
[Round "7"]
[White "Domingo Nunez, Ruben"]
[Black "Urrutia Gonzalez, Javier"]
[Result "1-0"]
[WhiteElo "2361"]
[BlackElo "2033"]
[PlyCount "101"]
[EventDate "2022.07.17"]
[EventType "swiss"]
[EventRounds "9"]
[EventCountry "ESP"]
[SourceTitle "CBM 209 Extra"]
[Source "ChessBase"]
[SourceDate "2022.09.30"]
[SourceVersion "1"]
[SourceVersionDate "2022.09.30"]
[SourceQuality "1"]

1. e4 c5 2. b3 g6 3. Bb2 Nf6 4. e5 Nd5 5. h4 Bg7 6. h5 d6 7. Bb5+ Nc6 8. Qe2 gxh5 9. Qxh5 Nf4 10. Qg5 Ng6 11. Nf3 Bd7 12. Bd3 Be6 13. Na3 Qd7 14. 0-0-0 d5 15. Bxg6 hxg6 16. Rxh8+ Bxh8 17. d4 Qc7 18. dxc5 Qa5 19. Qe3 0-0-0 20. Ng5 d4 21. Qe1 Qxc5 22. Nxe6 fxe6 23. f4 g5 24. g3 Bg7 25. Qe4 gxf4 26. gxf4 Bh6 27. Kb1 Rf8 28. Qg6 Bxf4 29. Qxe6+ Kb8 30. Nc4 b5 31. Ba3 b4 32. Bb2 Rd8 33. Rf1 Bxe5 34. Rf5 Qd5 35. Rxe5 Nxe5 36. Qxe5+ Qxe5 37. Nxe5 Kb7 38. Nd3 Kb6 39. a3 bxa3 40. Bxa3 e6 41. Bc5+ Kb7 42. Be7 Rg8 43. Bf6 Rg4 44. Nc5+ Kc8 45. Kc1 Rf4 46. Be5 Rg4 47. Kd2 Rg5 48. Bxd4 Rd5 49. Kc3 e5 50. Be3 Rd1 51. Nd3 1-0

[Event "Oviedo op 8th"]
[Site "Oviedo"]
[Date "2022.07.20"]
[Round "5"]
[White "Perez Pardo, Ricardo1111"]
[Black "Urrutia Gonzalez, Javier"]
[Result "0-1"]
[WhiteElo "1704"]
[BlackElo "2033"]
[PlyCount "133"]
[EventDate "2022.07.17"]
[EventType "swiss"]
[EventRounds "9"]
[EventCountry "ESP"]
[SourceTitle "CBM 209 Extra"]
[Source "ChessBase"]
[SourceDate "2022.09.30"]
[SourceVersion "1"]
[SourceVersionDate "2022.09.30"]
[SourceQuality "1"]

1. e4 c5 2. Nc3 Nc6 3. f4 g6 4. Nf3 Bg7 5. g3 e6 6. Bg2 Nge7 7. 0-0 0-0 8. d3 b6 9. e5 d6 10. d4 Ba6 11. Re1 cxd4 12. Nxd4 Rc8 13. Nxc6 Nxc6 14. exd6 Bd4+ 15. Be3 Qxd6 16. Ne4 Bxe3+ 17. Rxe3 Qd4 18. Qc1 Rfd8 19. c3 Qg7 20. Qe1 Ne7 21. Qf2 Rd7 22. g4 Bb7 23. Rae1 Rcd8 24. h4 Bxe4 25. Bxe4 Rd2 26. R1e2 Rxe2 27. Rxe2 Rd1+ 28. Kh2 Nd5 29. Rd2 Rxd2 30. Qxd2 Nf6 31. Bf3 Qf8 32. Qd4 Ne8 33. Kg3 Qd6 34. Qa4 Ng7 35. Qxa7 h5 36. Qa8+ Kh7 37. Qe4 hxg4 38. Be2 Qd2 39. Qd3 Qe1+ 40. Kxg4 Nf5 41. Kf3 Qh1+ 42. Kf2 Qxh4+ 43. Kf3 Qh1+ 44. Kf2 Qc1 45. Qh3+ Kg7 46. b3 Qxf4+ 47. Qf3 Qd2 48. a4 Qc2 49. c4 Nd4 50. Qd3 Qxd3 51. Bxd3 Nxb3 52. Ke3 Kf6 53. Bc2 Nc5 54. Kd4 Nd7 55. Be4 Ke7 56. Bc6 Nc5 57. Kc3 g5 58. Kb4 Kd6 59. Kb5 Nxa4 60. Be8 Nb2 61. Bxf7 g4 62. Bh5 g3 63. Bf3 Kc7 64. Be4 Nd1 65. Bg2 Ne3 66. c5 Nxg2 67. cxb6+ 0-1

[Event "Pontevedra op 7th"]
[Site "Pontevedra"]
[Date "2019.08.13"]
[Round "8"]
[White "Urrutia Gonzalez, Javier"]
[Black "Garcia Garcia, Samuel"]
[Result "1-0"]
[WhiteElo "2090"]
[BlackElo "1758"]
[PlyCount "117"]
[EventDate "2019.08.08"]
[EventType "swiss"]
[EventRounds "9"]
[EventCountry "ESP"]
[SourceTitle "EXT 2020"]
[Source "ChessBase"]
[SourceDate "2019.10.17"]
[SourceVersion "1"]
[SourceVersionDate "2019.10.17"]
[SourceQuality "1"]

1. d4 Nf6 2. Bf4 g6 3. Nf3 Bg7 4. Nc3 d5 5. e3 0-0 6. Qd2 c6 7. h4 h5 8. Ne5 Bf5 9. f3 Nbd7 10. 0-0-0 Nxe5 11. Bxe5 b5 12. Ne2 a5 13. Nf4 a4 14. a3 Qa5 15. Bd3 Qxd2+ 16. Kxd2 Bxd3 17. cxd3 Rfc8 18. Rc1 Bf8 19. Rc2 Nd7 20. Ne2 c5 21. Bf4 e6 22. Rhc1 c4 23. dxc4 bxc4 24. Nc3 Be7 25. g3 Bd8 26. e4 Ba5 27. exd5 exd5 28. Re1 Re8 29. Rcc1 Nf8 30. Be5 Ne6 31. Kc2 Bxc3 32. bxc3 Kh7 33. Rb1 g5 34. Rb7 Kg6 35. f4 f6 36. f5+ Kxf5 37. Rf1+ Nf4 38. gxf4 fxe5 39. fxe5+ Kg4 40. hxg5 h4 41. g6 h3 42. g7 Kg3 43. Rb6 Kg2 44. Rf5 Rg8 45. Rg6+ Kh2 46. e6 Ra7 47. Rfg5 Rb7 48. Rg3 Re7 49. Re3 Rgxg7 50. Rxg7 Rxg7 51. e7 Rxe7 52. Rxe7 Kg2 53. Rg7+ Kf2 54. Rh7 Kg2 55. Kd2 h2 56. Ke3 Kg3 57. Rg7+ Kh3 58. Kf2 h1N+ 59. Kf3 1-0

[Event "Pontevedra op 7th"]
[Site "Pontevedra"]
[Date "2019.08.12"]
[Round "7"]
[White "Lopez Gonzalez, Alfonso"]
[Black "Urrutia Gonzalez, Javier"]
[Result "1-0"]
[WhiteElo "2219"]
[BlackElo "2090"]
[PlyCount "71"]
[EventDate "2019.08.08"]
[EventType "swiss"]
[EventRounds "9"]
[EventCountry "ESP"]
[SourceTitle "EXT 2020"]
[Source "ChessBase"]
[SourceDate "2019.10.17"]
[SourceVersion "1"]
[SourceVersionDate "2019.10.17"]
[SourceQuality "1"]

1. d4 Nf6 2. c4 g6 3. Nc3 d5 4. Nf3 Bg7 5. Bf4 0-0 6. e3 c5 7. dxc5 Qa5 8. Qa4 Qxa4 9. Nxa4 Bd7 10. Nc3 Na6 11. cxd5 Nxc5 12. Rd1 Rfc8 13. Be2 b5 14. Bxb5 Bxb5 15. Nxb5 Na4 16. Be5 Rc5 17. b3 Rxb5 18. bxa4 Rxd5 19. 0-0 Rad8 20. Rd4 e6 21. h3 Rxd4 22. Bxd4 Nd5 23. Rc1 a5 24. Rc5 Ra8 25. Bxg7 Kxg7 26. Ne5 Nb6 27. Rc7 Nxa4 28. Rxf7+ Kg8 29. Rc7 Rd8 30. Ra7 Rd1+ 31. Kh2 Rd2 32. Rxa5 Rxa2 33. Ra8+ Kg7 34. Ra7+ Kh6 35. Ng4+ Kg5 36. Ra5+ 1-0

[Event "Barcelona Sants op-A18th"]
[Site "Barcelona"]
[Date "2016.08.19"]
[Round "1"]
[White "Keller, Peter1111"]
[Black "Urrutia Gonzalez, Javier"]
[Result "1-0"]
[WhiteElo "2286"]
[BlackElo "1978"]
[PlyCount "59"]
[EventDate "2016.08.19"]
[EventType "swiss"]
[EventRounds "10"]
[EventCountry "ESP"]
[SourceTitle "CBM 174 Extra"]
[Source "ChessBase"]
[SourceDate "2016.10.10"]
[SourceVersion "1"]
[SourceVersionDate "2016.10.10"]
[SourceQuality "1"]

1. e4 e5 2. Nf3 Nc6 3. Bb5 a6 4. Ba4 Nf6 5. 0-0 Be7 6. d3 b5 7. Bb3 d6 8. a3 h6 9. Nc3 0-0 10. Nd5 Be6 11. Nxf6+ Bxf6 12. Bxe6 fxe6 13. c3 Qd7 14. b4 Ne7 15. Be3 Ng6 16. Qb3 d5 17. a4 Qc6 18. Bc5 Rfe8 19. Rfe1 Qb7 20. Qc2 c6 21. d4 Qf7 22. Bd6 Rad8 23. dxe5 Bg5 24. axb5 axb5 25. Ra6 Qb7 26. Rea1 Be7 27. exd5 Bxd6 28. Qxg6 Bxe5 29. Nxe5 Rxd5 30. Qxe8+ 1-0

[Event "Madrid Chamartin op 4th"]
[Site "Madrid"]
[Date "2015.09.08"]
[Round "4"]
[White "Urrutia Gonzalez, Javier"]
[Black "Elissalt Cardenas, Hector"]
[Result "0-1"]
[WhiteElo "1946"]
[BlackElo "2350"]
[PlyCount "92"]
[EventDate "2015.09.06"]
[EventType "swiss"]
[EventRounds "9"]
[EventCountry "ESP"]
[SourceTitle "EXT 2016"]
[Source "ChessBase"]
[SourceDate "2015.10.08"]
[SourceVersion "1"]
[SourceVersionDate "2015.10.08"]
[SourceQuality "1"]

1. e4 d6 2. d4 Nf6 3. Nc3 e5 4. Nf3 Nbd7 5. Bc4 Be7 6. a4 0-0 7. 0-0 b6 8. Re1 Bb7 9. h3 h6 10. Qe2 Re8 11. d5 Qc8 12. Nh4 c6 13. dxc6 Bxc6 14. Nf5 Bf8 15. Bb5 a6 16. Bxc6 Qxc6 17. Qd3 Nc5 18. Qc4 b5 19. Qe2 b4 20. Nd5 Ncxe4 21. Nxb4 Qb7 22. Nd3 d5 23. a5 Nd6 24. Ng3 e4 25. Nc5 Qc6 26. Nb3 g6 27. Be3 Bg7 28. Nd4 Qb7 29. b3 Nd7 30. Qd2 Kh7 31. Rac1 Rad8 32. h4 Ne5 33. h5 Qc8 34. Qe2 g5 35. f4 exf3 36. Nxf3 f5 37. Bb6 Ng4 38. Qd2 Ne4 39. Nxe4 dxe4 40. Bxd8 Rxd8 41. Nxg5+ hxg5 42. Qxg5 Qc5+ 43. Kh1 Nf2+ 44. Kh2 Be5+ 45. g3 Ng4+ 46. Kh3 Qf2 0-1

[Event "ESP-ch Student"]
[Site "Cartagena"]
[Date "2007.05.09"]
[Round "8"]
[White "Torroglosa Minarro, Juan Jose"]
[Black "Urrutia Gonzalez, Javier"]
[Result "0-1"]
[WhiteElo "1941"]
[BlackElo "1809"]
[PlyCount "34"]
[EventDate "2007.05.06"]
[EventType "swiss"]
[EventRounds "9"]
[EventCountry "ESP"]
[SourceTitle "CBM 118 Extra"]
[Source "ChessBase"]
[SourceDate "2007.07.04"]
[SourceVersion "1"]
[SourceVersionDate "2007.07.04"]
[SourceQuality "1"]

1. e4 c5 2. Nf3 d6 3. d4 cxd4 4. Nxd4 Nf6 5. Nc3 g6 6. Be3 Bg7 7. f3 Nc6 8. Qd2 0-0 9. 0-0-0 d5 10. Nxc6 bxc6 11. exd5 cxd5 12. Nxd5 Nxd5 13. Qxd5 Qc7 14. Kb1 Bf5 15. Bd3 Rab8 16. Bc1 Qc3 17. Bb5 Qxc2+ 0-1